Africa Coutries - Sudden Death - Statistics

General Stats
  • This quiz has been taken 289 times
  • The average score is 20 of 25
Answers on the Grid
Answers color-coded by a green-red scale on the quiz's grid according to % correct below.
Mali
Malta
Iatly
Egypt
Malawi
Gambia
Guinea
France
Ethiopia
South Africa
Turkey
Israel
Zambia
Somalia
Botswana
Portugal
Madagascar
Yemen
Oman
Cameroon
Sudan
Cyprus
Armenia
Maledives
Zimbabwe
Burkina Faso
Comoros
Saint Lucia
USA
Sri Lanka
Namibia
Poland
Bangladesh
United Arab
Emirates
Tanzania
Palau
Azerbaijan
Russia
Argentina
Eritrea
Afghanistan
Chad
Seychelles
Mozambique
Brunei
Tonga
New Zealand
Senegal
Ivory Coast
Morocco
 
Answer Stats
Answer % Correct
Mali
93%
Ethiopia
92%
Zambia
92%
Madagascar
91%
South Africa
88%
Somalia
87%
Gambia
86%
Malawi
86%
Sudan
84%
Zimbabwe
84%
Botswana
83%
Egypt
83%
Cameroon
80%
Guinea
77%
Namibia
74%
Burkina Faso
73%
Tanzania
73%
Mozambique
72%
Eritrea
70%
Chad
69%
Ivory Coast
69%
Senegal
67%
Comoros
66%
Morocco
66%
Seychelles
65%
No matching quizzes found
Score Distribution
Percent of People with Each Score
Percentile by Number Answered
Your Score History
You have not taken this quiz